[Event "XXVIII Festival Conca della Presolana A"]
[Site "Bratto - Castione della Presolana ITA"]
[Date "2008.08.24"]
[Round "3"]
[White "Drazic, Sinisa"]
[Black "Tjiam, Dharma"]
[Result "1-0"]
[WhiteElo "2505"]
[BlackElo "2372"]
[PlyCount "109"]
[EventDate "2008.08.22"]

1. d4 Nf6 2. Bg5 Ne4 3. Bf4 d5 4. f3 Nf6 5. Nc3 e6 6. e4 Bb4 7. e5 Nfd7 8. a3
Bxc3+ 9. bxc3 c5 10. Be3 Nc6 11. f4 Qa5 12. Qd2 b6 13. Nf3 Ne7 14. Bf2 Ba6 15.
Bd3 Rc8 16. O-O Bxd3 17. cxd3 c4 18. Bh4 Nf5 19. Be1 h5 20. Nh4 g6 21. Nxf5
gxf5 22. Rf3 Qa4 23. Qf2 h4 24. dxc4 Qxc4 25. Rh3 Nf8 26. Rxh4 Rxh4 27. Qxh4
Ng6 28. Qf2 Kd7 29. a4 Rg8 30. Qd2 Ne7 31. h3 Nc6 32. Kh2 b5 33. axb5 Qxb5 34.
Bh4 Rb8 35. Bf6 Qb2 36. Qxb2 Rxb2 37. h4 Ke8 38. h5 Kf8 39. Rf1 Kg8 40. Rf3 Kh7
41. Rg3 Kh6 42. Bg7+ Kh7 43. Bf6 Kh6 44. Rg7 Rb7 45. g4 fxg4 46. Kg3 Rb1 47.
Rxf7 Kxh5 48. Rc7 Rb6 49. f5 exf5 50. Kf4 Kg6 51. Rg7+ Kh6 52. Kxf5 Rb1 53.
Rxg4 Rf1+ 54. Ke6 Rf3 55. c4 1-0

[Event "XXVIII Festival Conca della Presolana A"]
[Site "Bratto - Castione della Presolana ITA"]
[Date "2008.08.24"]
[Round "3"]
[White "Efimov, Igor"]
[Black "Ranieri, Fabrizio"]
[Result "1-0"]
[WhiteElo "2458"]
[BlackElo "2245"]
[PlyCount "47"]
[EventDate "2008.08.22"]

1. d4 e6 2. c4 d5 3. Nf3 Nf6 4. Nc3 Nbd7 5. cxd5 exd5 6. Bf4 c6 7. Qc2 Be7 8.
e3 Nf8 9. Bd3 Ng6 10. Bg3 O-O 11. Ne5 Re8 12. h3 a6 13. O-O Bd6 14. f4 c5 15.
Qf2 b5 16. Bh4 Nxh4 17. Qxh4 cxd4 18. Nxd5 Bxe5 19. fxe5 Nxd5 20. Qxh7+ Kf8 21.
Rxf7+ Kxf7 22. Rf1+ Nf6 23. Rxf6+ Qxf6 24. exf6 1-0

[Event "XXVIII Festival Conca della Presolana A"]
[Site "Bratto - Castione della Presolana ITA"]
[Date "2008.08.24"]
[Round "3"]
[White "Fierro Baquero, Martha Lorena"]
[Black "Levin, Felix"]
[Result "0-1"]
[WhiteElo "2379"]
[BlackElo "2564"]
[PlyCount "54"]
[EventDate "2008.08.22"]

1. e4 c6 2. c4 d5 3. cxd5 cxd5 4. exd5 Nf6 5. Qa4+ Nbd7 6. Nc3 g6 7. Nf3 Bg7 8.
Bc4 a6 9. d3 Rb8 10. Qd1 b5 11. Bb3 Nc5 12. Bf4 Rb7 13. O-O Nxb3 14. Qxb3 b4
15. Ne4 Nxd5 16. Nd6+ exd6 17. Qxd5 O-O 18. Qxd6 Bxb2 19. Rab1 Qxd6 20. Bxd6
Rd8 21. Rxb2 Rxd6 22. Rc1 Be6 23. d4 a5 24. Rc5 a4 25. Ra5 a3 26. Rd2 Bxa2 27.
Rxa2 b3 0-1

[Event "XXVIII Festival Conca della Presolana A"]
[Site "Bratto - Castione della Presolana ITA"]
[Date "2008.08.24"]
[Round "3"]
[White "Galli, Fabio"]
[Black "Scotti, Umberto"]
[Result "0-1"]
[WhiteElo "2070"]
[BlackElo "2172"]
[PlyCount "114"]
[EventDate "2008.08.22"]

1. e4 e6 2. d4 d5 3. exd5 exd5 4. Bd3 Bd6 5. Nf3 Ne7 6. Bg5 Bg4 7. Nbd2 Nbc6 8.
c3 Qd7 9. h3 Bh5 10. Qc2 f6 11. Be3 Bg6 12. b4 Nf5 13. g4 Nfe7 14. O-O-O a5 15.
b5 Ba3+ 16. Kb1 Na7 17. Bxg6+ Nxg6 18. Rhe1 Qxb5+ 19. Ka1 O-O 20. h4 Bd6 21. h5
Nf4 22. Nh4 Qd7 23. Ndf3 Nb5 24. Nf5 Na3 25. Qc1 Ng2 26. Nxd6 Nxe1 27. Rxe1
Qxd6 28. Nh4 Nc4 29. Nf5 Qd7 30. h6 g6 31. Ng7 Rf7 32. g5 Rxg7 33. hxg7 fxg5
34. Bxg5 Re8 35. Bf6 Re6 36. Be5 Nxe5 37. dxe5 Kxg7 38. Qf4 Qf7 39. Qd4 Qf3 40.
Kb2 Rb6+ 41. Kc1 Re6 42. Kb2 c6 43. Kc2 h5 44. Kb3 Kh6 45. Qb6 Qf4 46. Qd8 Kg7
47. Qb6 a4+ 48. Ka3 Kh6 49. Qd8 Qxf2 50. Qh8+ Kg5 51. Rh1 Qc5+ 52. Kb2 a3+ 53.
Kb3 Qc4+ 54. Kc2 Qxa2+ 55. Kd3 Qc4+ 56. Kd2 Qf4+ 57. Kd1 Qf3+ 0-1

[Event "XXVIII Festival Conca della Presolana A"]
[Site "Bratto - Castione della Presolana ITA"]
[Date "2008.08.24"]
[Round "3"]
[White "Gallucci, Alessio"]
[Black "Davi, Alessandro"]
[Result "1-0"]
[WhiteElo "2152"]
[BlackElo "2009"]
[PlyCount "51"]
[EventDate "2008.08.22"]

1. e4 c6 2. d4 d5 3. Nc3 dxe4 4. Nxe4 Nd7 5. Ng5 Ngf6 6. Bd3 e6 7. N1f3 Bd6 8.
O-O h6 9. Ne4 Nxe4 10. Bxe4 Qc7 11. c3 Nf6 12. Bc2 b6 13. Re1 Bb7 14. Ne5 O-O-O
15. b4 Bxe5 16. Rxe5 Qxe5 17. dxe5 Rxd1+ 18. Bxd1 Rd8 19. Bxh6 Ne4 20. Bxg7
Nxc3 21. Bf3 Rd2 22. h4 Ne2+ 23. Bxe2 Rxe2 24. h5 Ba6 25. Rd1 Re4 26. Bf6 1-0

[Event "XXVIII Festival Conca della Presolana A"]
[Site "Bratto - Castione della Presolana ITA"]
[Date "2008.08.24"]
[Round "3"]
[White "Garano, Nicola"]
[Black "Sax, Gyula"]
[Result "0-1"]
[WhiteElo "2265"]
[BlackElo "2506"]
[PlyCount "76"]
[EventDate "2008.08.22"]

1. e4 c5 2. Nf3 e6 3. d4 cxd4 4. Nxd4 a6 5. Bd3 Qb6 6. Nb3 Qc7 7. O-O Nf6 8.
Nc3 d6 9. Qe2 g6 10. Bg5 Bg7 11. f4 Nc6 12. Kh1 O-O 13. a4 Bd7 14. Rae1 Rae8
15. Qf2 h6 16. Bh4 Nh7 17. f5 Ne5 18. Qd2 g5 19. Bg3 Nf6 20. Nd4 Nh5 21. Bf2
Nf6 22. Nde2 exf5 23. exf5 Bc6 24. Ng3 Re7 25. Bd4 Rfe8 26. Be2 d5 27. Nh5 Nxh5
28. Bxh5 Nc4 29. Rxe7 Qxe7 30. Qf2 Bxd4 31. Qxd4 Qe5 32. Qxe5 Rxe5 33. Nd1 Nd2
34. Rg1 d4 35. b3 Rxf5 36. Re1 Rc5 37. Re7 Rxc2 38. Rxf7 Be8 0-1

[Event "XXVIII Festival Conca della Presolana A"]
[Site "Bratto - Castione della Presolana ITA"]
[Date "2008.08.24"]
[Round "3"]
[White "Griffa, Roberto"]
[Black "Vignoli, Matteo"]
[Result "1-0"]
[WhiteElo "2084"]
[BlackElo "1992"]
[PlyCount "49"]
[EventDate "2008.08.22"]

1. d4 Nf6 2. Bf4 d6 3. e3 g6 4. Nf3 Bg7 5. Be2 O-O 6. O-O Nbd7 7. h3 Qe8 8. Bh2
e5 9. c4 c5 10. Nc3 a6 11. dxc5 dxc5 12. Qd6 e4 13. Nd2 b6 14. Ndxe4 Nxe4 15.
Nxe4 Qxe4 16. Bf3 Qxc4 17. Bxa8 Bxb2 18. Bd5 Qe2 19. Rab1 c4 20. Bxc4 Qxc4 21.
Rxb2 b5 22. Rd1 Re8 23. Bf4 Nf8 24. Qf6 Qc5 25. Rbd2 1-0

[Event "XXVIII Festival Conca della Presolana A"]
[Site "Bratto - Castione della Presolana ITA"]
[Date "2008.08.24"]
[Round "3"]
[White "Gutierrez Castillo, Paloma"]
[Black "Pascucci, Marco"]
[Result "1-0"]
[WhiteElo "2157"]
[BlackElo "2009"]
[PlyCount "39"]
[EventDate "2008.08.22"]

1. e4 e6 2. Nf3 d5 3. Nc3 Nf6 4. e5 Nfd7 5. d4 c5 6. dxc5 Bxc5 7. Bd3 Nc6 8.
Bf4 O-O 9. Bxh7+ Kxh7 10. Ng5+ Kg6 11. Qd3+ f5 12. Qg3 Ndxe5 13. Nxe6+ Ng4 14.
Nxd8 Bxf2+ 15. Qxf2 Nxf2 16. Nxc6 Nxh1 17. Ne5+ Kh7 18. Ke2 Re8 19. h4 Be6 20.
Nb5 1-0

[Event "XXVIII Festival Conca della Presolana A"]
[Site "Bratto - Castione della Presolana ITA"]
[Date "2008.08.24"]
[Round "3"]
[White "Klip, Hans"]
[Black "Jaracz, Pawel"]
[Result "1/2-1/2"]
[WhiteElo "2390"]
[BlackElo "2501"]
[PlyCount "51"]
[EventDate "2008.08.22"]

1. e4 c5 2. Nf3 e6 3. Nc3 Nc6 4. Bb5 Nd4 5. Bd3 Nc6 6. O-O a6 7. Re1 d6 8. Bf1
e5 9. Nd5 Nf6 10. c3 Be7 11. h3 O-O 12. d4 Re8 13. Nxe7+ Qxe7 14. Bg5 h6 15.
Bh4 g5 16. Bg3 g4 17. dxe5 dxe5 18. Nh4 Kh7 19. hxg4 Bxg4 20. Be2 Rad8 21. Qc1
Be6 22. Qe3 Ng4 23. Qf3 Qg5 24. Nf5 Bxf5 25. exf5 Nf6 26. Bc4 1/2-1/2

[Event "XXVIII Festival Conca della Presolana A"]
[Site "Bratto - Castione della Presolana ITA"]
[Date "2008.08.24"]
[Round "3"]
[White "Leon Hoyos, Manuel"]
[Black "Lampl, Gerald"]
[Result "1-0"]
[WhiteElo "2543"]
[BlackElo "2155"]
[PlyCount "55"]
[EventDate "2008.08.22"]

1. e4 d5 2. exd5 Qxd5 3. Nc3 Qd6 4. d4 c6 5. Nf3 Bg4 6. Be2 Nd7 7. O-O Ngf6 8.
Bg5 e6 9. Re1 Be7 10. h3 Bh5 11. Nh4 Bg6 12. Bf3 Nb6 13. Nxg6 hxg6 14. Qd3 O-O
15. Rad1 Rad8 16. Ne2 Qb4 17. Qb3 Qxb3 18. axb3 Nfd5 19. Bd2 Bf6 20. Ra1 Nc8
21. Bg4 Nde7 22. c3 Nf5 23. Bf4 Rd7 24. Nc1 a6 25. Nd3 Nxd4 26. Nc5 Rfd8 27.
Nxd7 Rxd7 28. cxd4 1-0

[Event "XXVIII Festival Conca della Presolana A"]
[Site "Bratto - Castione della Presolana ITA"]
[Date "2008.08.24"]
[Round "3"]
[White "Lucaroni, Massimiliano"]
[Black "Ranfagni, Stefano"]
[Result "1-0"]
[WhiteElo "2289"]
[BlackElo "2049"]
[PlyCount "79"]
[EventDate "2008.08.22"]

1. e4 e5 2. Bc4 Nf6 3. d3 Nc6 4. Nc3 Na5 5. Nge2 c6 6. a4 Nxc4 7. dxc4 d6 8.
Qd3 Be6 9. f4 Qb6 10. f5 Bd7 11. a5 Qc7 12. O-O Be7 13. Kh1 h5 14. b4 a6 15.
Be3 Ng4 16. Bb6 Qb8 17. Rad1 Rh6 18. h3 Nf6 19. Rd2 d5 20. cxd5 Bxb4 21. dxc6
Bxc6 22. Qc4 Be7 23. Be3 Rh8 24. Rfd1 Nd7 25. Ng1 Qd8 26. Bb6 Qc8 27. Nf3 Nxb6
28. axb6 f6 29. Nh4 Bb5 30. Qxc8+ Rxc8 31. Nxb5 axb5 32. Ng6 Rg8 33. Nxe7 Kxe7
34. Rd7+ Ke8 35. Rxb7 g6 36. Rdd7 gxf5 37. Re7+ Kf8 38. Rbc7 Rb8 39. b7 fxe4
40. Rh7 1-0

[Event "XXVIII Festival Conca della Presolana A"]
[Site "Bratto - Castione della Presolana ITA"]
[Date "2008.08.24"]
[Round "3"]
[White "Madiai, Federico"]
[Black "Cugini, Verter"]
[Result "1-0"]
[WhiteElo "2066"]
[BlackElo "2167"]
[PlyCount "93"]
[EventDate "2008.08.22"]

1. Nf3 g6 2. g3 Bg7 3. d4 c5 4. c3 b6 5. Bg2 Bb7 6. Qb3 Bxf3 7. Bxf3 Nc6 8. Qa4
cxd4 9. Bxc6 dxc6 10. Qxc6+ Kf8 11. Qf3 Rc8 12. Bd2 h5 13. cxd4 Bxd4 14. Bc3
Nf6 15. O-O h4 16. e3 Bxc3 17. Nxc3 hxg3 18. hxg3 Rc5 19. Rad1 Qc8 20. Nd5 Qb7
21. e4 Nxd5 22. Rxd5 Rxd5 23. exd5 Rh5 24. Rd1 Rf5 25. Qc3 Kg8 26. Qc6 Qb8 27.
Qd7 Qd6 28. Qxa7 Qc5 29. Rf1 Rxd5 30. b4 Qd6 31. Qa8+ Kg7 32. a4 e5 33. Kg2 Rd4
34. Rh1 Kf6 35. Qf3+ Ke6 36. a5 bxa5 37. bxa5 Qd5 38. Ra1 Qxf3+ 39. Kxf3 Rd7
40. a6 Ra7 41. g4 Kd5 42. g5 Kd4 43. Ra5 Kd3 44. Ra4 e4+ 45. Kf4 Ke2 46. Kxe4
Kxf2 47. Kd5 1-0

[Event "XXVIII Festival Conca della Presolana A"]
[Site "Bratto - Castione della Presolana ITA"]
[Date "2008.08.24"]
[Round "3"]
[White "Manca, Federico"]
[Black "Mazzariol, Oscar"]
[Result "1-0"]
[WhiteElo "2367"]
[BlackElo "2080"]
[PlyCount "47"]
[EventDate "2008.08.22"]

1. e4 c5 2. Nf3 Nc6 3. c3 g6 4. d4 d5 5. exd5 Qxd5 6. Be3 cxd4 7. cxd4 Bg7 8.
Nc3 Qd8 9. d5 Nb8 10. Bc4 Nf6 11. O-O O-O 12. h3 Nbd7 13. Re1 Nb6 14. Bb3 Ne8
15. Bg5 f6 16. d6+ e6 17. Bf4 Kh8 18. Bxe6 Bxe6 19. Rxe6 Rf7 20. Qb3 Rd7 21.
Ne4 Rc8 22. Re1 g5 23. Nc5 Nxd6 24. Nxd7 1-0

[Event "XXVIII Festival Conca della Presolana A"]
[Site "Bratto - Castione della Presolana ITA"]
[Date "2008.08.24"]
[Round "3"]
[White "Manfredi, Vincenzo"]
[Black "Finocchiaro, Gianluca"]
[Result "1-0"]
[WhiteElo "2204"]
[BlackElo "2021"]
[PlyCount "75"]
[EventDate "2008.08.22"]

1. Nf3 d6 2. c4 Nd7 3. d4 e5 4. Nc3 Ngf6 5. e4 Be7 6. Be2 O-O 7. d5 c5 8. h3 a6
9. Be3 b5 10. cxb5 axb5 11. Bxb5 Qa5 12. Nd2 Ba6 13. Nc4 Qc7 14. Bxa6 Rxa6 15.
O-O Rb8 16. Qc2 Rb4 17. b3 Nb6 18. Nxb6 Raxb6 19. Na4 Rb8 20. f3 Qd7 21. Nb2
Nh5 22. Nc4 f5 23. g4 Ng3 24. exf5 Nxf1 25. Rxf1 Qd8 26. Bd2 R4b5 27. f4 exf4
28. Bxf4 Bf8 29. Kg2 Qf6 30. Qe4 Ra8 31. Rf2 Qa1 32. Qe6+ Kh8 33. Bxd6 Rxa2 34.
Bxf8 Rxf2+ 35. Kxf2 Qd4+ 36. Qe3 Qxd5 37. Qe8 Qd4+ 38. Ke2 1-0

[Event "XXVIII Festival Conca della Presolana A"]
[Site "Bratto - Castione della Presolana ITA"]
[Date "2008.08.24"]
[Round "3"]
[White "Martinez, Rolly"]
[Black "Borgo, Giulio"]
[Result "0-1"]
[WhiteElo "2441"]
[BlackElo "2442"]
[PlyCount "92"]
[EventDate "2008.08.22"]

1. e4 c6 2. Nc3 d5 3. Nf3 g6 4. d4 Bg4 5. h3 Bxf3 6. Qxf3 dxe4 7. Nxe4 Qxd4 8.
Bd2 Nf6 9. Nxf6+ Qxf6 10. Qb3 Nd7 11. O-O-O Bg7 12. Be3 Nb6 13. h4 h6 14. g4
Nd5 15. g5 Qe5 16. Bc4 O-O-O 17. Bxa7 e6 18. Kb1 hxg5 19. Bd4 Qxd4 20. Rxd4
Bxd4 21. Qf3 Rd7 22. c3 Bb6 23. hxg5 Rxh1+ 24. Qxh1 Bxf2 25. Qh8+ Rd8 26. Qg7
Rd7 27. a4 Bb6 28. Qf8+ Bd8 29. a5 Kc7 30. Bxd5 exd5 31. Qc5 Bxg5 32. Qb6+ Kd6
33. c4 Bd8 34. c5+ Ke6 35. Qa7 d4 36. a6 d3 37. Kc1 bxa6 38. Qxa6 Bg5+ 39. Kd1
Kd5 40. Qa2+ Ke5 41. Qa8 d2 42. b4 Re7 43. Qxc6 Kd4 44. Qd6+ Kc3 45. Qg3+ Re3
46. Qxe3+ Bxe3 0-1

[Event "XXVIII Festival Conca della Presolana A"]
[Site "Bratto - Castione della Presolana ITA"]
[Date "2008.08.24"]
[Round "3"]
[White "Matamoros Franco, Carlos S."]
[Black "Vocaturo, Daniele"]
[Result "1/2-1/2"]
[WhiteElo "2508"]
[BlackElo "2417"]
[PlyCount "131"]
[EventDate "2008.08.22"]

1. Nf3 Nf6 2. c4 g6 3. g3 Bg7 4. Bg2 O-O 5. O-O d6 6. d4 Nbd7 7. Nc3 e5 8. e4
exd4 9. Nxd4 Re8 10. h3 a6 11. Be3 Rb8 12. b3 Qe7 13. Re1 c5 14. Nf3 b5 15. Bf4
Ne5 16. Nxe5 dxe5 17. Bg5 Be6 18. Nd5 Bxd5 19. cxd5 Qd6 20. Rc1 Nd7 21. Be3
Rec8 22. h4 Rc7 23. Bh3 Nb6 24. Re2 Bf8 25. Rec2 c4 26. Bf1 Rbc8 27. Qd2 cxb3
28. axb3 Nd7 29. Bh3 Rxc2 30. Rxc2 Rxc2 31. Qxc2 Nc5 32. b4 Na4 33. Bd2 Nb6 34.
Qc6 Qxc6 35. dxc6 Na8 36. f4 Bd6 37. Bc8 Nc7 38. f5 Kg7 39. g4 h6 40. f6+ Kxf6
41. Bxh6 Bxb4 42. Bg5+ Kg7 43. Bd8 Bd6 44. Bxc7 Bxc7 45. Bxa6 b4 46. Bc4 Kf6
47. Kf1 Bd8 48. Ke2 Ke7 49. h5 gxh5 50. gxh5 Kd6 51. Bb5 f5 52. exf5 e4 53. Ke3
b3 54. Kxe4 b2 55. Bd3 Bf6 56. Kf4 Kxc6 57. h6 Kd6 58. Kg4 Ke7 59. Kh5 Kf7 60.
Bc4+ Kf8 61. Ba2 b1=Q 62. Bxb1 Kg8 63. Kg6 Bc3 64. f6 Bxf6 65. Kxf6 Kh8 66. h7
1/2-1/2

[Event "XXVIII Festival Conca della Presolana A"]
[Site "Bratto - Castione della Presolana ITA"]
[Date "2008.08.24"]
[Round "3"]
[White "Mogranzini, Roberto"]
[Black "Korneev, Oleg"]
[Result "1/2-1/2"]
[WhiteElo "2423"]
[BlackElo "2631"]
[PlyCount "83"]
[EventDate "2008.08.22"]

1. e4 e5 2. Nf3 Nc6 3. Bb5 a6 4. Bxc6 dxc6 5. O-O f6 6. d4 exd4 7. Nxd4 c5 8.
Ne2 Qxd1 9. Rxd1 Bd7 10. Nbc3 O-O-O 11. Be3 Re8 12. Rd2 Bc6 13. Rad1 b6 14. f3
Ne7 15. Nf4 Ng6 16. Nxg6 hxg6 17. Bf4 g5 18. Bg3 Be7 19. Nd5 Bd8 20. Ne3 Re7
21. h4 gxh4 22. Bxh4 Rd7 23. Rxd7 Bxd7 24. Bf2 Be6 25. g4 c4 26. Kg2 b5 27. Bg3
a5 28. f4 g6 29. Kf3 a4 30. c3 Be7 31. a3 Bc5 32. Nd5 Rd8 33. Bf2 Bxd5 34. Rxd5
Rxd5 35. exd5 Bxf2 36. Kxf2 Kd7 37. Ke3 f5 38. g5 Ke7 39. Kd4 Kd6 40. Ke3 Kxd5
41. Kf3 b4 42. Ke3 1/2-1/2

[Event "XXVIII Festival Conca della Presolana A"]
[Site "Bratto - Castione della Presolana ITA"]
[Date "2008.08.24"]
[Round "3"]
[White "Moncelli, Giorgio"]
[Black "Oppici, Gabriele"]
[Result "1-0"]
[WhiteElo "2105"]
[BlackElo "2055"]
[PlyCount "89"]
[EventDate "2008.08.22"]

1. d4 Nc6 2. e4 e5 3. Nf3 exd4 4. Nxd4 Bb4+ 5. c3 Be7 6. Nf5 Bf8 7. Bc4 d6 8.
O-O g6 9. Re1 Ne5 10. Ne3 Nxc4 11. Nxc4 Be6 12. Nba3 Bg7 13. Be3 Ne7 14. Bd4 f6
15. Qe2 O-O 16. Rad1 Qe8 17. b3 Qf7 18. Nb2 a6 19. c4 Rfe8 20. Nc2 Nc6 21. Bc3
f5 22. Bxg7 Qxg7 23. Nd3 fxe4 24. Qxe4 Bf7 25. Qf4 Rxe1+ 26. Ncxe1 g5 27. Qd2
Bh5 28. f3 Re8 29. Nf2 Qe7 30. Ne4 h6 31. Nc2 Qf7 32. Rf1 Bg6 33. Nc3 Qg7 34.
Nd5 Ne5 35. Nce3 Rf8 36. h3 Nd3 37. Ng4 c6 38. Nc3 Re8 39. Ne4 Bxe4 40. fxe4
Nf4 41. Qxd6 Re6 42. Qd8+ Kh7 43. Rd1 Re7 44. Rd6 Ng6 45. Nf6+ 1-0

[Event "XXVIII Festival Conca della Presolana A"]
[Site "Bratto - Castione della Presolana ITA"]
[Date "2008.08.24"]
[Round "3"]
[White "Narayanan, Srinath"]
[Black "Hanly, Steven"]
[Result "1-0"]
[WhiteElo "2220"]
[BlackElo "2020"]
[PlyCount "47"]
[EventDate "2008.08.22"]

1. e4 e6 2. d4 d5 3. e5 c5 4. c3 Qb6 5. Nf3 Bd7 6. a3 Bb5 7. c4 Bxc4 8. Bxc4
dxc4 9. d5 exd5 10. Qxd5 Ne7 11. Qxc4 Nd7 12. O-O Qe6 13. Qe4 Qc6 14. Qe2 Nd5
15. Ng5 Nc7 16. f4 Ne6 17. f5 Nxg5 18. Bxg5 Qd5 19. Nc3 Qd4+ 20. Kh1 c4 21. e6
Ne5 22. Rad1 Qc5 23. Rd5 Qc7 24. exf7+ 1-0

[Event "XXVIII Festival Conca della Presolana A"]
[Site "Bratto - Castione della Presolana ITA"]
[Date "2008.08.24"]
[Round "3"]
[White "Osuna Munoz, Xavier"]
[Black "Qendro, Llambi"]
[Result "0-1"]
[WhiteElo "2093"]
[BlackElo "2375"]
[PlyCount "72"]
[EventDate "2008.08.22"]

1. e4 g6 2. d4 Bg7 3. Nc3 c6 4. Nf3 d6 5. Be3 Qb6 6. a3 Nf6 7. h3 O-O 8. Bd3
Nbd7 9. O-O Qc7 10. Qd2 e5 11. Bh6 Re8 12. Bxg7 Kxg7 13. dxe5 dxe5 14. Bc4 Nc5
15. Ng5 Be6 16. Nxe6+ Nxe6 17. Bxe6 Rxe6 18. Qe3 b6 19. Rad1 Rd8 20. Rxd8 Qxd8
21. Rd1 Rd6 22. Rxd6 Qxd6 23. Kf1 Qe6 24. b3 Nh5 25. a4 Qd6 26. g3 Nf6 27. Kg2
Nd7 28. h4 h5 29. f3 Nc5 30. f4 exf4 31. gxf4 Ne6 32. Kf3 Nd4+ 33. Kg3 Nxc2 34.
e5 Nxe3 35. exd6 Nf5+ 36. Kf3 Nxd6 0-1

[Event "XXVIII Festival Conca della Presolana A"]
[Site "Bratto - Castione della Presolana ITA"]
[Date "2008.08.24"]
[Round "3"]
[White "Pagnoncelli, Marco"]
[Black "Ricci, Alfredo"]
[Result "0-1"]
[WhiteElo "2126"]
[BlackElo "2069"]
[PlyCount "71"]
[EventDate "2008.08.22"]

1. e4 c5 2. Nf3 e6 3. Nc3 a6 4. d4 cxd4 5. Nxd4 Qc7 6. g3 Nf6 7. Bg2 d6 8. O-O
Be7 9. h3 Nc6 10. Kh2 Bd7 11. f4 Rc8 12. Nb3 O-O 13. Be3 b5 14. a3 Rfd8 15. Qe2
Rb8 16. Rad1 b4 17. axb4 Nxb4 18. Bd4 e5 19. Be3 Nxc2 20. Qxc2 Ba4 21. Ra1 Bxb3
22. Qf2 Qb7 23. Ba7 Ra8 24. Be3 Rdb8 25. Nd5 Nxd5 26. exd5 Bxd5 27. Bxd5 Qxd5
28. Rad1 Qe6 29. Rfe1 g6 30. fxe5 dxe5 31. Bd4 e4 32. Qf4 f5 33. Bc3 Rd8 34.
Qc7 Bf6 35. Rxd8+ Rxd8 36. Re2 0-1

[Event "XXVIII Festival Conca della Presolana A"]
[Site "Bratto - Castione della Presolana ITA"]
[Date "2008.08.24"]
[Round "3"]
[White "Parodi, Alessandro"]
[Black "Burlando, Alessandro"]
[Result "1/2-1/2"]
[WhiteElo "2053"]
[BlackElo "2161"]
[PlyCount "93"]
[EventDate "2008.08.22"]

1. d4 Nf6 2. c4 g6 3. Nc3 Bg7 4. e4 d6 5. f3 O-O 6. Be3 Nc6 7. Qd2 a6 8. h4 h5
9. O-O-O b5 10. cxb5 axb5 11. Bxb5 Nb4 12. a3 c6 13. Nge2 cxb5 14. axb4 Qc7 15.
b3 Bd7 16. Qb2 Ra6 17. Kd2 Rfa8 18. Ra1 Qb7 19. Rhc1 e6 20. Rxa6 Qxa6 21. Rc2
Ne8 22. Qa2 Qb7 23. Qb1 Bf8 24. d5 Nc7 25. Nf4 Bg7 26. dxe6 Nxe6 27. Ra2 Rxa2+
28. Qxa2 Nxf4 29. Bxf4 Qb6 30. Qa8+ Kh7 31. Qd5 Qf2+ 32. Ne2 Be6 33. Qd3 Qxg2
34. Bxd6 Bh6+ 35. Kc2 Qh1 36. Qxb5 Qxf3 37. Qd3 Bxb3+ 38. Kc3 Qxd3+ 39. Kxd3 g5
40. hxg5 Bxg5 41. Bc7 Be6 42. b5 h4 43. Nd4 Bc8 44. Nf5 h3 45. Ke2 Bd8 46. Bxd8
Bxf5 47. Kf2 1/2-1/2

[Event "XXVIII Festival Conca della Presolana A"]
[Site "Bratto - Castione della Presolana ITA"]
[Date "2008.08.24"]
[Round "3"]
[White "Podini, Francesco"]
[Black "Barlocco, Carlo"]
[Result "1-0"]
[WhiteElo "2051"]
[BlackElo "2150"]
[PlyCount "75"]
[EventDate "2008.08.22"]

1. e4 d5 2. exd5 Nf6 3. Bb5+ Nbd7 4. Nf3 Nxd5 5. d4 c6 6. Be2 g6 7. c4 Nc7 8.
Nc3 Bg7 9. O-O O-O 10. Be3 e5 11. d5 cxd5 12. cxd5 Nb6 13. Bxb6 axb6 14. Qb3
Na6 15. Rfd1 Nc5 16. Qb4 Bd7 17. Nd2 Na4 18. Nc4 Nxc3 19. bxc3 e4 20. Nxb6 Bxc3
21. Qxc3 Qxb6 22. Rab1 Qd6 23. Rxb7 Rxa2 24. Qc7 Qf6 25. Qc4 Ra4 26. Qb3 Be8
27. d6 e3 28. fxe3 Bc6 29. Rc7 Bxg2 30. Qxa4 Bh3 31. Qf4 Qb2 32. Kf2 Be6 33. d7
Rd8 34. Rc8 Qb6 35. Qc7 Qxc7 36. Rxc7 Kg7 37. Bb5 Kf6 38. Rc8 1-0

[Event "XXVIII Festival Conca della Presolana A"]
[Site "Bratto - Castione della Presolana ITA"]
[Date "2008.08.24"]
[Round "3"]
[White "Radice, Luca"]
[Black "Damia, Angelo"]
[Result "1/2-1/2"]
[WhiteElo "2098"]
[BlackElo "2247"]
[PlyCount "81"]
[EventDate "2008.08.22"]

1. d4 b6 2. Nf3 Bb7 3. g3 e6 4. Bg2 Nf6 5. c4 Bb4+ 6. Bd2 Qe7 7. O-O Bxd2 8.
Nbxd2 d6 9. Qc2 Nbd7 10. Rfd1 O-O 11. b4 c5 12. dxc5 dxc5 13. b5 Qd6 14. Ng5
Bxg2 15. Kxg2 Rfd8 16. Nde4 Qe7 17. Nxf6+ Nxf6 18. Nf3 Qb7 19. Kg1 Qe4 20. Qxe4
Nxe4 21. Rac1 f6 22. Kf1 Kf7 23. Ke1 Ke7 24. Nd2 Nxd2 25. Rxd2 Rxd2 26. Kxd2 a6
27. a4 axb5 28. axb5 Kd6 29. Rc3 Ra2+ 30. Ke3 g5 31. Rd3+ Kc7 32. Rd2 Ra1 33.
f4 g4 34. Ke4 Rc1 35. Kd3 Ra1 36. Ke4 Rc1 37. Kd3 h5 38. Ra2 Kb7 39. Rc2 Rh1
40. e3 Re1 41. Kd2 1/2-1/2

[Event "XXVIII Festival Conca della Presolana A"]
[Site "Bratto - Castione della Presolana ITA"]
[Date "2008.08.24"]
[Round "3"]
[White "Rombaldoni, Denis"]
[Black "Horvath, Csaba"]
[Result "1-0"]
[WhiteElo "2418"]
[BlackElo "2537"]
[PlyCount "43"]
[EventDate "2008.08.22"]

1. d4 Nf6 2. c4 e6 3. Nf3 d5 4. g3 Bb4+ 5. Bd2 Bd6 6. Nc3 c6 7. Qc2 Bb4 8. Bg2
dxc4 9. e4 b5 10. O-O Bb7 11. Rad1 Be7 12. Bg5 h6 13. Bxf6 Bxf6 14. d5 cxd5 15.
exd5 Qb6 16. dxe6 fxe6 17. Qg6+ Ke7 18. Nh4 Nc6 19. Nf5+ Kf8 20. Nxg7 Bxg7 21.
Rd7 Ne7 22. Rxe7 1-0

[Event "XXVIII Festival Conca della Presolana A"]
[Site "Bratto - Castione della Presolana ITA"]
[Date "2008.08.24"]
[Round "3"]
[White "Salami, Marco"]
[Black "Boccalatte, Piero"]
[Result "1-0"]
[WhiteElo "2186"]
[BlackElo "2011"]
[PlyCount "53"]
[EventDate "2008.08.22"]

1. e4 c6 2. d4 d5 3. e5 Bf5 4. Be3 e6 5. Nd2 h5 6. c3 Nd7 7. Be2 g6 8. Ngf3 Be7
9. O-O Kf8 10. b4 Kg7 11. a4 a5 12. bxa5 Qxa5 13. c4 dxc4 14. Nxc4 Qc7 15. Bd3
Bxd3 16. Qxd3 Nb6 17. Nxb6 Qxb6 18. d5 Qa6 19. Qxa6 Rxa6 20. dxe6 fxe6 21. Ng5
Bxg5 22. Bxg5 Kf7 23. Rfd1 Ne7 24. Rd7 Re8 25. Rxb7 Kf8 26. h3 Raa8 27. a5 1-0

[Event "XXVIII Festival Conca della Presolana A"]
[Site "Bratto - Castione della Presolana ITA"]
[Date "2008.08.24"]
[Round "3"]
[White "Salmoiraghi, Angelo"]
[Black "Cereda, Loris"]
[Result "0-1"]
[WhiteElo "2106"]
[BlackElo "2043"]
[PlyCount "102"]
[EventDate "2008.08.22"]

1. e4 e5 2. Nf3 Nc6 3. Bb5 a6 4. Ba4 Nf6 5. d3 d6 6. O-O g6 7. c3 Bg7 8. Nbd2
O-O 9. Re1 b5 10. Bc2 Bb7 11. d4 Re8 12. d5 Nb8 13. c4 c6 14. b3 cxd5 15. cxd5
Nbd7 16. Bb2 Qb6 17. b4 Nh5 18. Nb3 Ndf6 19. Bc1 Ng4 20. Rf1 Rac8 21. h3 Ngf6
22. Be3 Qc7 23. Rc1 Qd7 24. Qd2 Rc4 25. Bb6 Nf4 26. Na5 Bh6 27. Nxc4 Nxh3+ 28.
gxh3 Bxd2 29. Ncxd2 Qxh3 30. Rfe1 Nh5 31. Bd3 Nf4 32. Bf1 Qg4+ 33. Kh1 f5 34.
Rc7 Ba8 35. Nh2 Qh5 36. Rec1 fxe4 37. Nxe4 Bxd5 38. f3 Bxe4 39. fxe4 Qh4 40. a4
Ne6 41. Rc8 Rxc8 42. Rxc8+ Kg7 43. axb5 axb5 44. Ba5 Qxe4+ 45. Kg1 Nf4 46. Ng4
Nd5 47. Bh3 Qf3 48. Kh2 Qf4+ 49. Kg2 h5 50. Nh2 Ne3+ 51. Kh1 Qf2 0-1